| 000 | 00434nam a2200181Ia 4500 | ||
|---|---|---|---|
| 005 | 20250603144819.0 | ||
| 008 | 250603s9999 xx 000 0 und d | ||
| 020 | _a9789350145609 | ||
| 050 | _aQA 166.245 .K35/ | ||
| 100 | _aKalika, Patrai | ||
| 245 | 0 | _aDiscrete structures & graph theory | |
| 260 | _aNew Delhi | ||
| 260 | _bS. K. Kataria & sons | ||
| 260 | _c2016 | ||
| 300 | _a546 p | ||
| 650 | _aNew Delhi | ||
| 942 | _cBK | ||
| 999 |
_c40027 _d40027 |
||